Quentin Tarantino Movies - Statistics

General Stats
  • This quiz has been taken 32 times
    17 since last reset
  • The average score is 15 of 105
Answer Stats
Hint Answer % Correct
1994 Pulp Fiction
100%
1992 Reservoir Dogs
100%
2012 Django Unchained
94%
2022 Django/ Zorro
94%
2009 Inglourious Basterds
94%
2003 Kill Bill Vol. 1
88%
2004 Kill Bill Vol. 2
81%
2019 Once Upon a Time... In Hollywood
81%
1996 From Dusk Till Dawn
75%
1997 Jackie Brown
75%
2015 The Hateful Eight
69%
2007 Death Proof
56%
1995 Four Rooms
56%
2005 Sin City
50%
1993 True Romance
44%
2007 Planet Terror
38%
2007 Grindhouse
25%
1994 Natural Born Killers
25%
1996 Curdled
13%
1995 Desperado
13%
1998 God Said, 'Ha!'
13%
2008 Hell Ride
13%
2002 Hero
13%
2005 Hostel
13%
1993 Killing Zoe
13%
2000 Little Nicky
13%
1991 Past Midnight
13%
1995 Crimson Tide
6%
2005 Daltry Calhoun
6%
1995 Destiny Turns on the Radio
6%
2007 Diary of the Dead
6%
1999 From Dusk Till Dawn 2: Texas Blood Money
6%
1999 From Dusk Till Dawn 3: The Hangman's Daughter
6%
1996 Girl 6
6%
2007 Hostel Part II
6%
TBD Kill Bill Vol. 3
6%
2004 My Name Is Modesty: A Modesty Blaise Adventure
6%
2003 Once Upon a Time in Mexico
6%
2014 She's Funny That Way
6%
2007 Sukiyaki Western Django
6%
2012 The Man With the Iron Fists
6%
2005 The Muppets' Wizard of Oz
6%
1996 The Rock
6%
2009 48 Hours in Purgatory
0%
2011 Acid Head: The Buzzard Nuts County Slaughter
0%
2021 A Fandemic: 50 Fans Celebrate 50 Years of Cinema
0%
2012 A Little Bit Zombie
0%
2020 All My Friends Are Dead
0%
2018 Amateur
0%
2017 Baby Driver
0%
2013 Bad Romance
0%
2011 Below the Line
0%
2012 Bring Me the Head of the Machine Gun Woman
0%
2001 Chelsea Walls
0%
2011 Climb It, Tarzan!
0%
TBD Coleman
0%
2009 Deep River: The Island
0%
2022 Detective Inspector
0%
1999 Dogma
0%
2013 Don Jon
0%
1992 Eddie Presley
0%
2006 El Mascarado Massacre
0%
2018 Entre Oscuros Sueños
0%
2003 Grand Theft Parsons
0%
2016 Grindsploitation 2: The Lost Reels
0%
2020 Honey and Wine
0%
2007 Hot Fuzz
0%
2012 House Hunting
0%
1993 Iron Monkey
0%
1998 I Stand Alone
0%
2003 It Happens That Way Too: Part II
0%
2011 Kill Bill: The Whole Bloody Affair
0%
2021 Last Night in Soho
0%
2005 Left For Dead
0%
2015 Love, Guns, and Christmas
0%
2014 Mantus
0%
1987 Maximum Potential
0%
2015 Muck
0%
2017 Night Job
0%
2016 Paranormal Shades
0%
2013 Perdedores Natos
0%
2017 Radical
0%
2009 Reiki
0%
2018 Roja Oscuridad
0%
2017 Satan's Girls
0%
2010 Scott Pilgrim V.S. the World
0%
2013 Silence Speaks
0%
1994 Sleep With Me
0%
1994 Somebody to Love
0%
2012 Strutter
0%
2018 Suspiria
0%
2016 Swiss Army Man
0%
2008 Take
0%
2001 The Cat's Meow
0%
2005 The Protector
0%
2013 The World's End
0%
1998 Together and Alone
0%
2015 Unbreakable Souls
0%
2011 Underbelly Blues
0%
2016 Urge
0%
1989 Vegetables
0%
2011 Violet and Daisy
0%
2015 We're Not Alone
0%
2007 West
0%
1995 White Man's Burden
0%
No matching quizzes found
Score Distribution
Percent of People with Each Score
Percentile by Number Answered
Your Score History
You have not taken this quiz since the last reset